000 01643nam a2200289 a 4500
001 BRCA_8790
005 20190320210419.0
008 180417s1696----sp-#######---#000-0#spa-#
041 _aspa
044 _asp
084 _aBE169
_b.S46 1696
100 1 _aSeñeri, Pablo
_d1624 - 1694
_921265
245 1 0 _aEl incrédulo sin escvsa
_cobra del Rmo. P. Pablo Señeri... en que se demvestra que no puede dexar de concer, qual es la verdadera religión, quien quiera conocerla, tradvcida de la lengva toscana à la castellana por D. Juan de Espinola, Baeza, Echaburu; parte primera.
260 _aMadrid
_bPor Juan Garcia Infanzón
_c1696
300 _a[32], [6], 336 p. (t.1)
_c20.7 x 15 cm.
500 _aCon privilegio
500 _aEn portada: Los índices de las dos partes se han de poner al fin de la segunda
500 _aEstado físico: presenta encuadernación en pergamino con cintas rotas y algunas hojas manchadas
500 _aCon marca de fuego: “Procedencia de la marca: Colegio de la Santa Cruz de Querétaro(1). Institución: Congregación de Propaganda Fide. Descripción: Cruz franqueada por las letras iniciales C[olegio] Q[uerétaro], enmarcadas por un círculo. Ubicación de la marca en el libro: Canto superior”
650 1 4 _aTeología pastoral
_yS.XVII
_921913
650 1 4 _aApologética
_xHistoria
_yS. XVII
_921914
700 1 _aEspínola Baeza Echaburu, Juan de
_etr.
_921915
700 1 _aGarcía Infanzón, Juan
_eImpresor
_921916
856 _ahttp://www.marcasdefuego.buap.mx:8180/xmLibris/projects/firebrand/item.jsp?repository=marcas_de_fuego&key=7f442198.xml&num=29
902 _aCFM
942 _2lcc
_cB
999 _c8441
_d8441